REMAKING THE NIGER DELTA :challenges and opportunities (Record no. 44008)

MARC details
003 - CONTROL NUMBER IDENTIFIER
control field 0199463
005 - DATE AND TIME OF LATEST TRANSACTION
control field 20251121114333.0
008 - FIXED-LENGTH DATA ELEMENTS--GENERAL INFORMATION
fixed length control field 251121b |||||||| |||| 00| 0 eng d
020 ## - INTERNATIONAL STANDARD BOOK NUMBER
International Standard Book Number 9780954784348
040 ## - CATALOGING SOURCE
Transcribing agency Nile University of Nigeria, Abuja.
Description conventions rda
050 ## - LIBRARY OF CONGRESS CALL NUMBER
Classification number KZ 320 .K8
082 ## - DEWEY DECIMAL CLASSIFICATION NUMBER
Classification number KZ 320 .K8
100 ## - MAIN ENTRY--PERSONAL NAME
Personal name KINGSLEY KUKU
245 ## - TITLE STATEMENT
Title REMAKING THE NIGER DELTA :challenges and opportunities
260 ## - PUBLICATION, DISTRIBUTION, ETC. (IMPRINT)
Place of publication, distribution, etc United Kingdom
Name of publisher, distributor, etc Mandingo
Date of publication, distribution, etc 2012
264 ## - PUBLICATION, DISTRIBUTION, ETC. (IMPRINT)
Place of publication, distribution, etc United Kingdom
Name of publisher, distributor, etc Mandingo
Date of publication, distribution, etc 2012
300 ## - PHYSICAL DESCRIPTION
Other physical details xiv, 199 pg, 30 cm
336 ## - CONTENT TYPE
Source rdacontent
338 ## - CARRIER TYPE
Source rdacarrier
500 ## - GENERAL NOTE
General note includes pictures and index
942 ## - ADDED ENTRY ELEMENTS (KOHA)
Source of classification or shelving scheme Library of Congress Classification
Koha item type Books
Holdings
Withdrawn status Lost status Source of classification or shelving scheme Damaged status Not for loan Permanent Location Current Location Shelving location Date acquired Total Checkouts Full call number Barcode Date last seen Price effective from Koha item type
    Library of Congress Classification     Law Library Law Library Items on shelf 11/21/2025   KZ 320 .K8 0199460 11/21/2025 11/21/2025 Books
    Library of Congress Classification     Law Library Law Library Items on shelf 11/21/2025   KZ 320 .K8 0199461 11/21/2025 11/21/2025 Books
    Library of Congress Classification     Law Library Law Library Items on shelf 11/21/2025   KZ 320 .K8 0199462 11/21/2025 11/21/2025 Books
    Library of Congress Classification     Law Library Law Library Items on shelf 11/21/2025   KZ 320 .K8 0199463 11/21/2025 11/21/2025 Books
    Library of Congress Classification     Law Library Law Library Items on shelf 11/21/2025   KZ 320 .K8 0199464 11/21/2025 11/21/2025 Books